|
|
|
|
| LEADER |
01461nam a2200349 a 4500 |
| 001 |
35142 |
| 003 |
BD-DhAAL |
| 005 |
20190826163313.0 |
| 008 |
190826t2003 nyua 000 0 eng |
| 999 |
|
|
|c 41061
|d 41061
|
| 010 |
|
|
|a 2002153336
|
| 020 |
|
|
|a 1568983743 (pbk. : alk. paper)
|
| 040 |
|
|
|a DLC
|c DLC
|d DLC
|d DLC
|d BD-DhAAL
|
| 043 |
|
|
|a n-us---
|
| 050 |
0 |
0 |
|a NA2340
|b .Y6793 2003
|
| 082 |
0 |
0 |
|a 720.7973
|2 21
|
| 245 |
0 |
0 |
|a Material process /
|c foreword by Billie Tsien and Tod Williams ; introduction by Anne Rieselbach.
|
| 260 |
|
|
|a New York :
|b Princeton Architectural Press :
|b Architectural League of New York,
|c c2003.
|
| 300 |
|
|
|a 176 pages :
|b ill. (some col.) ;
|c 18 cm.
|
| 490 |
|
|
|a Young architects ;
|v 4
|
| 526 |
|
|
|a ARC
|
| 538 |
|
|
|a System requirements for accompying CD-ROM.
|
| 541 |
|
|
|a Complimentary copy
|e 35142
|
| 610 |
2 |
0 |
|a Young Architects Forum.
|9 33603
|
| 650 |
|
0 |
|a Architecture
|x Awards
|z United States.
|9 33604
|
| 650 |
|
0 |
|a Architecture
|z United States
|x History
|y 20th century.
|9 33605
|
| 650 |
|
0 |
|a Young architects
|z United States.
|9 33606
|
| 650 |
|
0 |
|a Building materials.
|9 33607
|
| 710 |
2 |
|
|a Architectural League of New York.
|9 33608
|
| 852 |
|
|
|a Department of Architecture
|c General Stacks
|
| 942 |
|
|
|2 ddc
|c BK
|
| 952 |
|
|
|0 0
|1 0
|2 ddc
|4 0
|6 720_797300000000000_MAT
|7 0
|9 66062
|a BRACUL
|b BRACUL
|c GEN
|d 2019-08-26
|e Complimentary Copy
|l 0
|o 720.7973 MAT
|p 3010035142
|r 2019-08-26
|t 1
|w 2019-08-26
|y BK
|x Transferred from ARC to BRACUL on 28/12/2023
|